Krippenfiguren-Quiz - Statistiken

Allgemein
  • Dieses Quiz wurde 107 mal gespielt
    38 seit der letzten Aktualisierung
  • Das Durchschnittsergebnis liegt bei 9 aus 13
Antwortstatistiken
Hinweis Figur % Korrekt
Hauptfigur und in der Regel die einzige minderjährige Krippenfigur Jesus
100%
Meist eine Laterne haltender Zimmermann und Ziehvater der Hauptfigur Josef
100%
In der Regel kniende Mutter dieser Figur Maria
100%
Tiere, die von den Hirten gehalten werden Schafe
100%
Geschenke der Heiligen Drei Könige (Nennen Sie eines) Gold / Weihrauch / Myrrhe
97%
Tiere im Stall von Bethlehem (Nennen Sie eines) Esel / Ochse
94%
Asiatischer König Balthasar
77%
Afrikanischer König Caspar
77%
Reittiere der Heiligen Drei Könige Kamele
77%
Europäischer König Melchior
71%
Massaker, das seltener ebenfalls dargestellt wird Kindermord in Betlehem
17%
Name des Engels, der über der Krippe schwebt Gloria
6%
Besondere Krippenfigur aus Katalonien, die sich erleichtert. Caganer
3%
Keine übereinstimmenden Quizze gefunden
Verteilung der Resultate
Anzahl Personen mit jedem Resultat
Perzentil nach korrekt beantworteten Fragen
Ihre Resultats-Entwicklung
Sie haben dieses Quiz seit der letzten Aktualisierung nicht gespielt